[Event "Play your favorite openings II"]
[Site "SchemingMind.com"]
[Date "2020.06.08"]
[Round "-"]
[White "kenneth m day"]
[Black "Phillip Beckett"]
[Result "1-0"]
[WhiteCountry "USA"]
[BlackCountry "ENG"]
[WhiteElo "1771"]
[WhiteRD "48"]
[BlackElo "1521"]
[BlackRD "49"]
[GameID "456278"]

1. e4 e5 2. f4 exf4 3. Nf3 Be7 4. Bc4 Bh4+ 5. Kf1 d5 6. Bxd5 c6 7. Bb3 Bg4 8. Bxf7+ Kxf7 9. Ne5+ Kf8 10. Nxg4 Nf6
11. d3 Nxg4 12. Qxg4 Nd7 13. Bxf4 Nb6 14. Nd2 Qf6 15. Nf3 h5 16. Qxh4 Qxh4 17. Nxh4 Rg8 18. Bd6+ Ke8 19. Ke2 g5 20. Nf5 Nd7
21. Rhf1 g4 22. Nd4 c5 23. Nb5 Rc8 24. Bg3 a6 25. Nd6+
1-0

[Event "Play your favorite openings II"]
[Site "SchemingMind.com"]
[Date "2020.06.09"]
[Round "-"]
[White "Phillip Beckett"]
[Black "Holty"]
[Result "1/2-1/2"]
[WhiteCountry "ENG"]
[BlackCountry "ENG"]
[WhiteElo "1521"]
[WhiteRD "49"]
[BlackElo "1766"]
[BlackRD "62"]
[GameID "456279"]

1. e4 e6 2. d4 d5 3. Nd2 Nf6 4. exd5 exd5 5. Ngf3 Be7 6. Bd3 O-O 7. O-O Bg4 8. c3 c5 9. dxc5 Bxc5 10. Nb3 Bb6
11. h3 Be6 12. Nbd4 Bxd4 13. Nxd4 Nbd7 14. Nxe6 fxe6 15. Qe2 Re8 16. Bg5 Qb6 17. Rad1 e5 18. Bb5 Qd6 19. Bxd7 Qxd7 20. Qf3 e4
21. Qe2 Qc6 22. Bxf6 gxf6 23. Rd4 Rad8 24. Rfd1 Rd6 25. Qg4+ Kf7 26. Qh5+ Kg7 27. Rxd5 Rxd5 28. Qxd5 Qxd5 29. Rxd5 Re7 30. Kf1 Kg6
31. Ke2 f5 32. Ke3 Kf6 33. g3 h5 34. Kf4 Kg6 35. Rxf5 Rd7 36. Re5 Rd2 37. Rxe4 Rxf2+ 38. Ke3 Rxb2 39. a4 Rh2 40. h4 Rc2
41. Kd3 Rg2 42. Re3 Ra2 43. Re4 Rg2 44. Re3=
1/2-1/2

[Event "Play your favorite openings II"]
[Site "SchemingMind.com"]
[Date "2020.06.09"]
[Round "-"]
[White "Holty"]
[Black "Phillip Beckett"]
[Result "1-0"]
[WhiteCountry "ENG"]
[BlackCountry "ENG"]
[WhiteElo "1766"]
[WhiteRD "62"]
[BlackElo "1521"]
[BlackRD "49"]
[GameID "456280"]

1. d4 d5 2. Nf3 Nf6 3. e3 e6 4. Bd3 c5 5. b3 Nc6 6. Bb2 Be7 7. Nbd2 O-O 8. O-O cxd4 9. exd4 Nb4 10. Be2 Bd7
11. a3 Nc6 12. Bd3 Rc8 13. Ne5 Bd6 14. f4 a6 15. Rf3 Ne7 16. Rh3 Ng6 17. g3 Bb5 18. Bxg6 hxg6 19. Rc1 Ne4 20. c4 Bc6
21. c5 Bxe5 22. fxe5 Ng5 23. Rh4 Nh7 24. Rg4 f5 25. Rxg6 Rf7 26. Rxe6 Bd7 27. Rd6 Qe7 28. Nf3 Bc6 29. Nh4 g5 30. Ng6 Qe8
31. Qh5 Rg7 32. Re1 Nf8 33. Qh8+ Kf7 34. Rf6#
1-0

[Event "Play your favorite openings II"]
[Site "SchemingMind.com"]
[Date "2020.06.08"]
[Round "-"]
[White "Phillip Beckett"]
[Black "David Perna-Fraser"]
[Result "0-1"]
[WhiteCountry "ENG"]
[BlackCountry "CAN"]
[WhiteElo "1549"]
[WhiteRD "50"]
[BlackElo "1921"]
[BlackRD "70"]
[GameID "456281"]

1. e4 e5 2. Nf3 Nc6 3. Bc4 Nf6 4. d4 Nxd4 5. Nxd4 exd4 6. Qxd4 d6 7. Nc3 Be7 8. Be3 O-O 9. O-O c6 10. Rad1 b5
11. Bb3 a5 12. a3 a4 13. Ba2 Ba6 14. e5 c5 15. Qd2 dxe5 16. Qxd8 Rfxd8 17. Rxd8+ Rxd8 18. Rd1 Rxd1+ 19. Nxd1 c4 20. c3 Ng4
21. h3 Nxe3 22. Nxe3 Bc5 23. Ng4 f6 24. Bb1 h5 25. Nh2 Bb7 26. Kf1 Kf7 27. g4 g6 28. Ke2 Bg2 29. gxh5 gxh5 30. h4 Bh3
31. Be4 Bd7 32. Nf3 Ke6 33. Ne1 f5 34. Bf3 Be8 35. Bb7 e4 36. Nc2 Ke5 37. Bc8 f4 38. Ne1 f3+ 39. Kf1 Be7 40. Nc2 Bxh4
41. Ne3 Bg5 42. Bb7 Bxe3 43. fxe3 h4 44. Kf2 Bd7 45. Ba8 Kf5 46. Bd5 Ke5
0-1

[Event "Play your favorite openings II"]
[Site "SchemingMind.com"]
[Date "2020.06.08"]
[Round "-"]
[White "David Perna-Fraser"]
[Black "Phillip Beckett"]
[Result "1-0"]
[WhiteCountry "CAN"]
[BlackCountry "ENG"]
[WhiteElo "1916"]
[WhiteRD "70"]
[BlackElo "1549"]
[BlackRD "48"]
[GameID "456282"]

1. e4 e5 2. Nf3 Nc6 3. Bb5 a6 4. Ba4 Nf6 5. O-O Be7 6. Bxc6 dxc6 7. Nxe5 O-O 8. d3 Bd6 9. Nf3 Bg4 10. Re1 Nh5
11. h3 Bxf3 12. Qxf3 g6 13. e5 Be7 14. Bh6 Ng7 15. Nc3 Bg5 16. Bxg7 Kxg7 17. Ne4 Be7 18. g4 Qd4 19. Nf6 Bxf6 20. Qxf6+ Kg8
21. Rab1 Qd8 22. g5 Qxf6 23. exf6 Rfe8 24. Kg2 Kf8 25. Kf3 Rxe1 26. Rxe1 Re8 27. Re4 Rxe4 28. dxe4 Ke8 29. e5 Kd7 30. Ke4 Ke6
31. f4 b5 32. b4 c5 33. bxc5 c6 34. a3 a5 35. c3 a4 36. h4 Kd7 37. f5 gxf5+ 38. Kxf5
1-0

[Event "Play your favorite openings II"]
[Site "SchemingMind.com"]
[Date "2020.06.12"]
[Round "-"]
[White "Kenny Elliott"]
[Black "Clive Everill"]
[Result "0-1"]
[WhiteCountry "USA"]
[BlackCountry "CZE"]
[WhiteElo "1521"]
[WhiteRD "61"]
[BlackElo "1752"]
[BlackRD "55"]
[GameID "456409"]

1. d4 f5 2. Bf4 Nf6 3. e3 e6 4. Nf3 Be7 5. Bd3 O-O 6. O-O b6 7. Nc3 Bb7 8. a3 Ne4 9. Bxe4 fxe4 10. Nd2 d5
11. Qg4 Bc8 12. Bh6 Bf6 13. Qg3 Kh8 14. Bf4 Bh4 15. Bxc7 Bxg3 16. Bxd8 Bxh2+ 17. Kxh2 Rxd8 18. Ne2 Ba6 19. Rfe1 Nc6 20. Ng3 Rf8
21. Kg1 Rf7 22. b3 Raf8 23. Nh1 Ne7 24. c4 Ng6 25. a4 Nh4 26. Rf1 dxc4 27. bxc4 Bb7 28. Ng3 Nf5 29. Ngxe4 h6 30. Rab1 Bc6
31. Ra1 a6 32. c5 b5 33. a5 Bd5 34. Rac1 Bc6 35. Rc2 Bxe4 36. Rcc1 Bc6 37. Rcd1 Ne7 38. f3 Nd5 39. Rde1 b4 40. e4 Bb5
41. Rf2 Nf4 42. Rb1 Nd3 43. d5 Nxf2 44. Kxf2 exd5 45. exd5 Rf5 46. d6 Rxc5 47. Ne4 Rd5 48. Rxb4 Re5 49. Rd4 Bd7 50. g3 Bc6
51. Ke3 Bd7 52. f4 Rxa5 53. Kd3 Ra3+ 54. Kc4 Ra4+ 55. Kc3 Rxd4 56. Kxd4 Rc8 57. Nc5 a5 58. Kd5 Bc6+ 59. Ke6 Re8+ 60. Kf7 a4
61. d7 Bxd7 62. Nxd7 Ra8 63. Ke7 a3 64. Nb6 Ra7+
0-1

[Event "Play your favorite openings II"]
[Site "SchemingMind.com"]
[Date "2020.06.12"]
[Round "-"]
[White "Clive Everill"]
[Black "Kenny Elliott"]
[Result "1-0"]
[WhiteCountry "CZE"]
[BlackCountry "USA"]
[WhiteElo "1707"]
[WhiteRD "56"]
[BlackElo "1557"]
[BlackRD "62"]
[GameID "456410"]

1. e4 c5 2. Nc3 d6 3. f4 Nf6 4. Bb5+ Bd7 5. Bxd7+ Nbxd7 6. d3 g6 7. Nf3 Bg7 8. Bd2 O-O 9. Qe2 a6 10. O-O b5
11. a3 Qb6 12. Be3 a5 13. b4 Ra6 14. Ra2 Rfa8 15. Rfa1 Ng4 16. bxc5 dxc5 17. Bd2 c4+ 18. Kf1 Bxc3 19. Bxc3 Ne3+ 20. Ke1 cxd3
21. cxd3 Nxg2+ 22. Qxg2 Qe3+ 23. Qe2 Qxf4 24. Bd2 Qb8 25. Bh6 b4 26. Qb2 f6 27. Qb3+ Kh8 28. Qf7 Qg8 29. Qxe7 R6a7 30. axb4 Ne5
31. Qxf6+ Rg7 32. Bxg7+ Qxg7 33. Qxe5 Qxe5 34. Nxe5
1-0

[Event "Play your favorite openings II"]
[Site "SchemingMind.com"]
[Date "2020.06.12"]
[Round "-"]
[White "edg"]
[Black "Clive Everill"]
[Result "0-1"]
[WhiteCountry "USA"]
[BlackCountry "CZE"]
[WhiteElo "1694"]
[WhiteRD "67"]
[BlackElo "1752"]
[BlackRD "55"]
[GameID "456411"]

1. Nf3 d5 2. d4 Nf6 3. h3 c5 4. Bf4 cxd4 5. Nxd4 Nbd7 6. Nf3 e6 7. e3 Bb4+ 8. Nbd2 a5 9. a3 Be7 10. Bb5 O-O
11. Ne5 Nxe5 12. Bxe5 Qb6 13. a4 Nd7 14. Bd4 Bc5 15. Nb3 Bxd4 16. exd4 Nf6 17. Nc5 Rd8 18. O-O Bd7 19. Nxd7 Nxd7 20. b3 Nf6
21. c3 Rac8 22. Qd3 Ne4 23. Rac1 Qc7 24. c4 Qf4 25. Qe3 Qf6 26. cxd5 exd5 27. Bd3 Qe6 28. Bxe4 dxe4 29. Rxc8 Rxc8 30. Rd1 Qd5
31. g4 g6 32. Kg2 Rc2 33. Rd2 Rxd2 34. Qxd2 e3+
0-1

[Event "Play your favorite openings II"]
[Site "SchemingMind.com"]
[Date "2020.06.14"]
[Round "-"]
[White "Clive Everill"]
[Black "edg"]
[Result "1-0"]
[WhiteCountry "CZE"]
[BlackCountry "USA"]
[WhiteElo "1735"]
[WhiteRD "57"]
[BlackElo "1664"]
[BlackRD "66"]
[GameID "456412"]

1. e4 e6 2. d4 d5 3. Nd2 c5 4. Ngf3 dxe4 5. Nxe4 cxd4 6. Qxd4 Qxd4 7. Nxd4 Be7 8. Bf4 Bd7 9. Nd6+ Bxd6 10. Bxd6 Ne7
11. Bb5 Nbc6 12. Nxc6 bxc6 13. Bd3 Nc8 14. Ba3 Nb6 15. O-O f6 16. f4 Kf7 17. Rad1 g6 18. b3 Rad8 19. Bb2 Rhe8 20. Bd4 Bc8
21. Bf2 Rd7 22. Rfe1 Nd5 23. g3 Nc3 24. Ra1 a6 25. a3 Bb7 26. Re3 Nd5 27. Re4 f5 28. Re5 h5 29. Rae1 h4 30. Bc4 hxg3
31. Bxg3 Bc8 32. h4 Rd6 33. Kg2 Nf6 34. Ra5 Ng4 35. Bxa6 Bxa6 36. Rxa6 Rd2+ 37. Kh3 Rxc2 38. a4 Rb8 39. Rb1 Ne3 40. b4 Nd5
41. b5 cxb5 42. axb5 Rb6 43. Ra7+ Kf6 44. Rb3 Rc3 45. Rxc3 Nxc3 46. Bf2 Rd6 47. b6 Rd8 48. b7 Rb8 49. Bd4+
1-0

[Event "Play your favorite openings II"]
[Site "SchemingMind.com"]
[Date "2020.06.12"]
[Round "-"]
[White "Clive Everill"]
[Black "Phillip Beckett"]
[Result "1-0"]
[WhiteCountry "CZE"]
[BlackCountry "ENG"]
[WhiteElo "1703"]
[WhiteRD "53"]
[BlackElo "1521"]
[BlackRD "49"]
[GameID "456413"]

1. e4 e5 2. Nc3 Nf6 3. Bc4 Nxe4 4. Qh5 Nd6 5. Bb3 Nc6 6. Nb5 g6 7. Qf3 f5 8. Qd5 Qf6 9. Nxc7+ Kd8 10. Nxa8 b6
11. d3 Bb7 12. Nxb6 axb6 13. Qf3 Nd4 14. Qh3 e4 15. Bd2 N6b5 16. a4 Nxb3 17. cxb3 h5 18. dxe4 Nd4 19. Qc3 Nc6 20. Qxf6+
1-0

[Event "Play your favorite openings II"]
[Site "SchemingMind.com"]
[Date "2020.06.12"]
[Round "-"]
[White "Phillip Beckett"]
[Black "Clive Everill"]
[Result "0-1"]
[WhiteCountry "ENG"]
[BlackCountry "CZE"]
[WhiteElo "1521"]
[WhiteRD "49"]
[BlackElo "1703"]
[BlackRD "53"]
[GameID "456414"]

1. e4 Nc6 2. d4 d5 3. e5 Bf5 4. c3 e6 5. Bd3 Nge7 6. Ne2 f6 7. exf6 gxf6 8. Ng3 Bg6 9. Qc2 Qd6 10. O-O O-O-O
11. b4 Bg7 12. a4 e5 13. Na3 e4 14. Be2 f5 15. Nb5 Qd7 16. Bg5 Rde8 17. a5 h6 18. Be3 Ref8 19. Rfb1 f4 20. Bxf4 Rxf4
21. Nxa7+ Nxa7 22. Qa4 Qd6 23. b5 Rhf8 24. b6 Nac6 25. bxc7 Qxc7 26. a6 b6 27. a7 Nxa7 28. Nh5 Bxh5 29. Bxh5 Rxf2 30. Bg4+ Kb8
31. c4 dxc4 32. Rb5 Bxd4 33. Rab1 Ra2+ 34. Kh1 Rxa4
0-1

[Event "Play your favorite openings II"]
[Site "SchemingMind.com"]
[Date "2020.06.12"]
[Round "-"]
[White "Clive Everill"]
[Black "kenneth m day"]
[Result "0-1"]
[WhiteCountry "CZE"]
[BlackCountry "USA"]
[WhiteElo "1703"]
[WhiteRD "53"]
[BlackElo "1771"]
[BlackRD "48"]
[GameID "456415"]

1. e4 e5 2. Nc3 Nc6 3. Bc4 Nf6 4. d3 d6 5. f4 exf4 6. Bxf4 Be7 7. Qd2 Be6 8. Bxe6 fxe6 9. Nf3 O-O 10. O-O-O Qd7
11. h3 a5 12. d4 b6 13. g4 Rfb8 14. Rdg1 b5 15. h4 a4 16. h5 b4 17. Nb1 Nxe4 18. Qe3 d5 19. g5 Bd6 20. Bxd6 Nxd6
21. Nh4 Ne7 22. Re1 Ne4 23. Nf3 Qd6 24. Ne5 Nf5 25. Qf3 Rf8 26. g6 Nxd4 27. gxh7+ Kxh7 28. Qg2 Qxe5 29. Qg6+ Kg8 30. Nd2 Qf6
31. Qg2 Nxd2 32. Qxd2 Nf3
0-1

[Event "Play your favorite openings II"]
[Site "SchemingMind.com"]
[Date "2020.06.12"]
[Round "-"]
[White "kenneth m day"]
[Black "Clive Everill"]
[Result "1-0"]
[WhiteCountry "USA"]
[BlackCountry "CZE"]
[WhiteElo "1771"]
[WhiteRD "48"]
[BlackElo "1703"]
[BlackRD "53"]
[GameID "456416"]

1. e4 Nc6 2. d4 d6 3. Nc3 Nf6 4. Nf3 g6 5. h3 Bg7 6. Be3 O-O 7. Qd2 a6 8. a3 b5 9. Be2 e5 10. dxe5 dxe5
11. O-O-O Qxd2+ 12. Rxd2 Bb7 13. Rhd1 Rfd8 14. Rxd8+ Rxd8 15. Rxd8+ Nxd8 16. Nxe5 Nxe4 17. Nxe4 Bxe4 18. Nf3 Ne6 19. c3 c5 20. Kd2 h6
21. Bd3 Bxd3 22. Kxd3 c4+ 23. Ke4 f5+ 24. Kd5 Kf7 25. Kc6 g5 26. Kb6 f4 27. Bd2 Bf8 28. Kxa6 Nc7+ 29. Kb6 Bd6 30. Nd4 Kf6
31. Nxb5 Nxb5 32. Kxb5 Kf5 33. Kxc4 Ke4 34. f3+ Ke5 35. Be1 h5 36. Bf2 Kf5 37. b4 g4 38. hxg4+ hxg4 39. fxg4+ Kxg4 40. a4
1-0

[Event "Play your favorite openings II"]
[Site "SchemingMind.com"]
[Date "2020.06.12"]
[Round "-"]
[White "Clive Everill"]
[Black "Holty"]
[Result "0-1"]
[WhiteCountry "CZE"]
[BlackCountry "ENG"]
[WhiteElo "1703"]
[WhiteRD "53"]
[BlackElo "1766"]
[BlackRD "62"]
[GameID "456417"]

1. e4 e6 2. d4 d5 3. Nc3 dxe4 4. Nxe4 Nd7 5. Nf3 Ngf6 6. Nxf6+ Nxf6 7. Bd3 Bd6 8. Bg5 h6 9. Bh4 Bd7 10. Qe2 c5
11. O-O cxd4 12. Nxd4 Qc7 13. Bg3 Bxg3 14. fxg3 O-O-O 15. c4 Qc5 16. Qf2 Be8 17. Nxe6 Qxf2+ 18. Rxf2 fxe6 19. Bc2 Rd4 20. b3 e5
21. Bf5+ Kc7 22. Rc1 Bc6 23. Be6 e4 24. Re1 Re8 25. Bf5 Re5 26. Bg6 Rg5 27. Bf5 e3 28. Rff1 Rd2 29. Bh3 e2 30. Rf2 Re5
31. b4 Rd1
0-1

[Event "Play your favorite openings II"]
[Site "SchemingMind.com"]
[Date "2020.06.12"]
[Round "-"]
[White "Holty"]
[Black "Clive Everill"]
[Result "0-1"]
[WhiteCountry "ENG"]
[BlackCountry "CZE"]
[WhiteElo "1766"]
[WhiteRD "62"]
[BlackElo "1703"]
[BlackRD "53"]
[GameID "456418"]

1. d4 d5 2. Nf3 Nf6 3. Bf4 c5 4. e3 Nc6 5. c3 Qb6 6. Qd2 Ne4 7. Qc2 c4 8. Nbd2 Bf5 9. Nh4 e6 10. f3 Nxd2
11. Qxd2 Bg6 12. Nxg6 hxg6 13. Be2 Be7 14. O-O g5 15. Bg3 Bf6 16. Rab1 e5 17. dxe5 Bxe5 18. Bxe5 Nxe5 19. Qd4 Qe6 20. Rfd1 Rd8
21. b3 O-O 22. Re1 a6 23. f4 gxf4 24. exf4 Nc6 25. Qf2 Qf6 26. Rbc1 b5 27. g4 g6 28. Qg3 d4 29. g5 Qg7 30. Bf3 Nb8
31. cxd4 Qxd4+ 32. Kg2 cxb3 33. axb3 Qb4 34. Be4 Rd2+ 35. Kh3 Kg7 36. Qc3+ Qxc3+ 37. Rxc3 Rh8+ 38. Kg3 Rdxh2 39. Rh1 Rxh1 40. Bxh1 Rxh1
41. Rc8 Nd7 42. Rc6 Rb1 43. Rxa6 Rxb3+ 44. Kg4 b4 45. Rd6 Nc5 46. Rc6 Rc3 47. f5 gxf5+ 48. Kxf5 b3 49. Rb6 Rc2 50. g6 Rf2+
51. Ke5 Nd7+
0-1

[Event "Play your favorite openings II"]
[Site "SchemingMind.com"]
[Date "2020.06.12"]
[Round "-"]
[White "Clive Everill"]
[Black "David Perna-Fraser"]
[Result "1-0"]
[WhiteCountry "CZE"]
[BlackCountry "CAN"]
[WhiteElo "1754"]
[WhiteRD "58"]
[BlackElo "1854"]
[BlackRD "71"]
[GameID "456419"]

1. e4 e5 2. Nc3 Nf6 3. f4 d5 4. fxe5 Nxe4 5. Qf3 Nxc3 6. bxc3 d4 7. Bc4 Qe7 8. cxd4 c5 9. Ba3 Nd7 10. Nh3 Nxe5
11. dxe5 Qxe5+ 12. Kf2 Qd4+ 13. Qe3+ Qxe3+ 14. dxe3 Bxh3 15. gxh3 Be7 16. Bb2 f6 17. Rhg1 g5 18. Rxg5 O-O-O 19. Rd5 b5 20. Rxd8+ Rxd8
21. Bxb5 Rd2+ 22. Kg3 Rxc2 23. Ba6+ Kc7 24. Rb1 Bd6+ 25. Kh4 Rxh2 26. Bxf6 Rxa2 27. Rb7+ Kc6 28. Rxa7 Kb6 29. Rd7 Kc6 30. Bb5+ Kxb5
31. Rxd6 Re2 32. Re6 Kc4 33. e4 Kd3 34. Rd6+ Kxe4 35. Re6+ Kf3 36. Rxe2 Kxe2 37. Kg4 Ke3 38. h4 Ke4 39. Kg5 c4 40. h5 Kd5
41. Kh6 Ke6 42. Bh8 Kf7 43. Kxh7 Kf8 44. h6 Kf7 45. Bg7
1-0

[Event "Play your favorite openings II"]
[Site "SchemingMind.com"]
[Date "2020.06.12"]
[Round "-"]
[White "David Perna-Fraser"]
[Black "Clive Everill"]
[Result "1-0"]
[WhiteCountry "CAN"]
[BlackCountry "CZE"]
[WhiteElo "1921"]
[WhiteRD "70"]
[BlackElo "1735"]
[BlackRD "57"]
[GameID "456420"]

1. e4 Nc6 2. d4 d6 3. c4 Nf6 4. Nc3 g6 5. Nf3 Bg7 6. Be2 O-O 7. O-O e5 8. dxe5 dxe5 9. Qxd8 Nxd8 10. Nd5 Nxd5
11. cxd5 c6 12. Bc4 b5 13. Bb3 a5 14. dxc6 Nxc6 15. Bd5 Bb7 16. Be3 Nd8 17. Bc5 Re8 18. Rfd1 Bxd5 19. Rxd5 Nb7 20. Rad1 Nxc5
21. Rxc5 b4 22. Rdd5 Rec8 23. Nxe5 Rxc5 24. Rxc5 Bxe5 25. Rxe5 f6 26. Re7 Rc8 27. g3 Rc2 28. Ra7 Rxb2 29. Rxa5 b3 30. axb3 Rxb3
31. Ra7 Rb5 32. Kg2 f5 33. exf5 Rxf5 34. f4 Rb5 35. g4 Rc5 36. h3 Rb5 37. Kg3 Rc5 38. Kh4 Rb5 39. g5 Rf5 40. Kg4 Kh8
41. h4 Rb5 42. h5 gxh5+ 43. Kxh5 Rb6 44. f5 Rb1 45. Ra8+ Kg7 46. f6+ Kf7 47. Ra7+ Kf8 48. Rxh7 Rh1+ 49. Kg6
1-0